000
00201nam a22000977a 4500
999
_c
15834
_d
15834
003
OSt
008
191022b ||||| |||| 00| 0 eng d
100
_a
Surendran,K.
_9
4311
245
_a
Thalam
942
_c
BK